Statystyki dla Skoki narciarskie quiz #3 Narodowości medalistów Pucharu Świata

Kliknij tutaj aby rozwiązać quiz!

Ogólne statystyki

  • Ten quiz został rozwiązany 88 razy
  • Średni wynik to 12 z 15

Statystyki odpowiedzi

MiejscePaństwo1 miejsce2 miejsce3 miejsceRazem% Poprawnych
3 Polska61512
100%
1 Austria13131339
99%
2 Finlandia84719
99%
5 Niemcy310316
98%
4 Norwegia55515
96%
6 Słowenia3216
96%
8 Szwajcaria1326
95%
7 Japonia2147
90%
9 Czechy1102
83%
14 Włochy0101
79%
11 Szwecja1001
74%
12 Kanada0123
69%
13 Czechosłowacja0112
42%
10NRD1102
40%
15 Jugosławia0011
38%

Rozkład punktacji

Percentyl według liczby udzielonych odpowiedzi

Procent ludzi z każdym wynikiem

Twoja historia wyników

Nie rozwiązałeś tego quizu